000
00331nam a2200145Ia 4500
003
OSt
005
20240320115229.0
008
170523s9999 xx 000 0 und d
020
_a
nil
040
_c
iimtu meerut
100
_a
GINLITANAN
245
0
_a
CASES IN MARKETING MANAGEMENT
260
_b
TATA MC GRAW HILL
942
_2
ddc
_c
02
999
_c
1680
_d
1680